000
00250nam a22001097a 4500
008
240531b |||||||| |||| 00| 0 eng d
100
_a
Chiani, Samual
_9
15059
245
_a
Devdas
260
_a
Bombay
_b
Kunj Pub.
_c
1968
300
_a
190p.
942
_c
BK
999
_c
39428
_d
39428